Secondary Chemistry for us X (Record no. 3695)
[ view plain ]
| 000 -LEADER | |
|---|---|
| fixed length control field | 00219nam a22000857a 4500 |
| 008 - FIXED-LENGTH DATA ELEMENTS--GENERAL INFORMATION | |
| fixed length control field | 161104b xxu||||| |||| 00| 0 eng d |
| 100 ## - MAIN ENTRY--PERSONAL NAME | |
| 9 (RLIN) | 1039 |
| Personal name | MISRA R. R |
| 245 ## - TITLE STATEMENT | |
| Title | Secondary Chemistry for us X |
| 260 ## - PUBLICATION, DISTRIBUTION, ETC. (IMPRINT) | |
| Name of publisher, distributor, etc. | Arya company |
| Date of publication, distribution, etc. | 2008 |
| Withdrawn status | Lost status | Source of classification or shelving scheme | Damaged status | Koha normalized classification for sorting | Not for loan | Home library | Current library | Shelving location | Date acquired | Total Checkouts | Total Renewals | Full call number | Barcode | Date last seen | Date last checked out | Price effective from | Koha item type |
|---|---|---|---|---|---|---|---|---|---|---|---|---|---|---|---|---|---|
| Dewey Decimal Classification | 540_000000000000000 | Good Samaritan School Library | Good Samaritan School Library | Chemistry | 11/04/2016 | 3 | 1 | 540 | MIS6128 | 11/16/2022 | 11/02/2022 | 11/04/2016 | BOOK |